Working with Economic Indicators: Interpretation and Sources (Record no. 46542)

MARC details
000 -LEADER
fixed length control field 00551nam a22001817a 4500
005 - DATE AND TIME OF LATEST TRANSACTION
control field 20260513111407.0
008 - FIXED-LENGTH DATA ELEMENTS--GENERAL INFORMATION
fixed length control field 260513b |||||||| |||| 00| 0 eng d
020 ## - INTERNATIONAL STANDARD BOOK NUMBER
International Standard Book Number 9781606492826
041 ## - LANGUAGE CODE
Language code of text/sound track or separate title Eng
082 ## - DEWEY DECIMAL CLASSIFICATION NUMBER
Classification number 338.54 STE
100 ## - MAIN ENTRY--PERSONAL NAME
Author Stengel, Donald
245 ## - TITLE STATEMENT
Title Working with Economic Indicators: Interpretation and Sources
260 ## - PUBLICATION, DISTRIBUTION, ETC.
Place New York
Publisher Business Expert Press (BEP)
Publication Year 2011
300 ## - PHYSICAL DESCRIPTION
Extent 150;. P. 22 cm
650 ## - SUBJECT ADDED ENTRY--TOPICAL TERM
Subject Business cycles; Economic surveys; Economic indicators
700 ## - ADDED ENTRY--PERSONAL NAME
Co-Author Stengel-Chaffe, Priscilla
942 ## - ADDED ENTRY ELEMENTS (KOHA)
Koha item type Books
Holdings
Withdrawn status Lost status Source of classification or shelving scheme Damaged status Not for loan Home library Current library Shelving location Accession Date Vendor Price Bill number Total Checkouts Full call number Barcode No Date last seen Discount Cost, replacement price Bill Date Koha item type Suggested By
    Dewey Decimal Classification     IMTN IMTN Rack 10-B 05/13/2026 Raghav Books Private Limited 2093.45 2630   338.54 STE 34009 05/13/2026 33 1402.61 04/30/2026 Books Recommended by Dr Veena Pailwar
Designed & Maintained by: LRC IMT Nagpur Contact: lrc@imtnag.ac.in© 2024. All Rights Reserved.